| 000 | 01916nam0a22003851 4500 | ||
|---|---|---|---|
| 001 | rc\3009597 | ||
| 005 | 20260406151905.0 | ||
| 035 | _a(NLR Aleph) 007152213 | ||
| 090 |
_a7163466 _c7163466 |
||
| 100 | _a20110923d1936 |||y0rusy50 ca | ||
| 101 | 1 | _arus | |
| 102 | _aRU | ||
| 105 | _ac z ||||| | ||
| 200 | 1 |
_aСтихотворения _fШиллер _gПер.: А. Григорьева, В. Жуковского, В. Курочкина, А. Майкова, М. Михайлова, А. Пушкина, А. Фета _gНовые пер.: А.С. Кочеткова |
|
| 210 |
_aМосква _cГослитиздат _d1936 _g17 ф-ка нац. книги треста "Полиграфкнига" |
||
| 215 |
_aПереплет, 275 с. _cпортр. _d21х14 см |
||
| 327 | 0 | _aВступ. статья: "Фридрих Шиллер". Франц Шиллер | |
| 464 | 0 |
_12001#$aФридрих Шиллер _1700#1$aШиллер$bФ.$gФранц$4070 _tФридрих Шиллер _aШиллер, Франц |
|
| 700 | 1 |
_aШиллер _bФ. _f1759-1805 _gФридрих |
|
| 702 | 1 |
_aГригорьев _bА.А. _gАполлон Андреевич _4730 |
|
| 702 | 1 |
_4730 _8rus _7ca _aЖуковский _bВ. А. _f1783-1852 _cпоэт _gВасилий Андреевич _3RU\NLR\AUTH\775529 _9115493 |
|
| 702 | 1 |
_aКурочкин _bВ. _4730 |
|
| 702 | 1 |
_aМайков _bА. _4730 |
|
| 702 | 1 |
_aМихайлов _bМ. _4730 |
|
| 702 | 1 |
_4730 _8rus _7ca _aПушкин _bА. С. _cпоэт _f1799-1837 _gАлександр Сергеевич _3RU\NLR\AUTH\77386 _9110441 |
|
| 702 | 1 |
_aФет _bА.А. _f1820-1892 _gАфанасий Афанасьевич _4730 |
|
| 702 | 1 |
_aКочетков _bА.С. _4730 |
|
| 702 | 1 |
_aШиллер _bФ. _gФранц _4730 |
|
| 801 | 0 |
_aRU _bNLR _gpsbo |
|
| 801 | 1 |
_aRU _bELAR _2rusmarc |
|
| 852 |
_aNLR _j36-3/984 |
||
| 852 |
_aNLR _bЛ _j60 В-3/120 |
||
| 942 | _cBOOK | ||
| 980 | _aNB | ||